000 00273nam a22001097a 4500
082 _a515.07 SAL'M
100 _aSALVADORI, M.G
_956527
245 _aTHE MATHEMATICAL SOLUTION OF ENGINEERING PROBLEMS
260 _aNEWYORK
_bMCGRAW HILL
_c1948
300 _a245P
942 _cBK
999 _c566916
_d566916